Zgadnij rok po wydarzeniu - Statystyki

Ogólne statystyki
  • Ten quiz został rozwiązany 148 razy
  • Średni wynik to 8 z 15
Statystyki odpowiedzi
Podpowiedź Rok % Poprawnych
chrzest Polski 966
95%
Bitwa pod Grunwaldem 1410
94%
mistrzostwa Europy w piłce nożnej mężczyzn w Polsce I na Ukrainie 2012
89%
Karol Wojtyła został papieżem 1978
84%
pierwsze wolne wybory 1989
74%
Debiut Roberta Kubicy w F1 2006
63%
wybuch w Bejrucie 2020
61%
Zamach na Johna F. Kennedy’ego 1963
55%
ponad 100 rannych osób po uderzeniu pioruna w krzyż na Giewoncie 2019
55%
tego roku urodził się Hitler 1889
44%
początek produkcji fiata 125p 1967
37%
początek wojny secesyjnej 1861
34%
podział Cesarstwa Rzymskiego 395
13%
początek Wojny Stuletniej 1353
5%
odkrycie potasu 1807
5%
Nie znaleziono quizów pasujących do podanych kryteriów
Rozkład punktacji
Procent ludzi z każdym wynikiem
Percentyl według liczby udzielonych odpowiedzi
Twoja historia wyników
Nie rozwiązałeś tego quizu